<?xml version="1.0" encoding="UTF-8"?>
<marc:record xmlns:marc="http://www.loc.gov/MARC21/slim">
   <marc:leader>00000nam a2200000 a 4500</marc:leader>
   <marc:datafield ind1="0" ind2="0" tag="245">
      <marc:subfield code="a">Edurino - Unsere Natur</marc:subfield>
   </marc:datafield>
   <marc:datafield ind1=" " ind2="1" tag="264">
      <marc:subfield code="a">München</marc:subfield>
      <marc:subfield code="b">Edurino</marc:subfield>
      <marc:subfield code="c">2023</marc:subfield>
   </marc:datafield>
   <marc:datafield ind1="1" ind2=" " tag="490">
      <marc:subfield code="a">Edurino</marc:subfield>
   </marc:datafield>
   <marc:datafield ind1="1" ind2=" " tag="520">
      <marc:subfield code="a">Entdecke die Wunder der Natur mit Asa&#xD;
&#xD;
Erkunde den Naturpark mit Asa und begib dich auf die Spur der heimischen Tiere und Pflanzen. Beschütze deine Umwelt nicht nur vor Verschmutzung, sondern auch vor lästigen Chaosmonstern und hilf, die natürliche Ordnung wiederherzustellen!&#xD;
&#xD;
Lerninhalte:&#xD;
- Heimische Pflanzen &amp; Tiere&#xD;
- Entdecken unserer Artenvielfalt&#xD;
- Erkennen von Zusammenhängen in der Natur&#xD;
- Nachhaltigkeit &amp; Umweltschutz&#xD;
- richtige Stifthaltung &amp; Schreibmotorik</marc:subfield>
   </marc:datafield>
   <marc:datafield ind1="3" ind2=" " tag="024">
      <marc:subfield code="a">4262362470143</marc:subfield>
   </marc:datafield>
   <marc:datafield ind1=" " ind2=" " tag="300">
      <marc:subfield code="a">1 Figur Asa, 1 blauer Stift</marc:subfield>
   </marc:datafield>
</marc:record>
